| 000 | 01613nam a22001457a 4500 | ||
|---|---|---|---|
| 999 |
_c515900 _d515900 |
||
| 008 | 210211b ||||| |||| 00| 0 eng d | ||
| 100 |
_aPerdersen, Mogens J. and Nielse, Vibeke _924193 |
||
| 245 | _aBureaucratic decision‐making: A multi‐method study of gender similarity bias and gender stereotype beliefs | ||
| 260 | _aPublic Administration | ||
| 300 | _a98(2), Jun, 2020: p.424-440 | ||
| 520 | _aResearch finds evidence for bias in frontline workers’ decision‐making affecting citizens, but important questions remain about the underlying causal logics: which mechanisms explain disparity in decision‐making for different demographic categories of citizens? To what extent is frontline workers’ decision‐making influenced by cognitive biases toward citizens similar to themselves (similarity bias) and by stereotypes? Focusing on gender bias and drawing on social identity theory and gender stereotype theory, this article examines how caseworker–citizen gender similarity and gender stereotypes shape caseworkers’ decision‐making. Using (a) an experimental vignette, (b) measurement of gender stereotype beliefs from a Brief Implicit Association Test, and (c) quasi‐experimental administrative data, we examine the effects of gender similarity and gender stereotypes in the policy area of child visitation in Denmark. We find support for both gender similarity and gender stereotype expectations. Moreover, the effect of gender stereotypes appears slightly larger than that of gender similarity. | ||
| 773 | _aPublic Administration | ||
| 906 | _aWOMEN IN DEVELOPMENT | ||
| 942 | _cAR | ||